00764nam a2200193Ia 4500003000900000008004100009040001600050080002200066111006000088245021700148260002100365300001000386650004100396650002700437650002700464700002800491700002400519700002700543IN-BaIIA211028s9999 xx 000 0 eng d cIIA Library a521.1(082.2)bPRO aSymposium on "Celestial Mechanics"n12thcMunchend1987 0aCelestial mechanicsbproceedings of the twentieth symposium on "celestial mechanics", held in Munchen, 1987cedited by Hiroshi Kinoshita, Hiroshi Nakai and Makoto Yoshikawa  aMarylandbDirect a150p. aAstronomy and Astrophysics Thesaurus aBright Stars Catalogue aCatalogue-Bright Stars aKinoshita, Hiroshi, ed. aNakai, Hiroshi, ed. aYoshikawa, Makoto, ed.